<?xml version="1.0" encoding="UTF-8"?>
<record
    xmlns:xsi="http://www.w3.org/2001/XMLSchema-instance"
    xsi:schemaLocation="http://www.loc.gov/MARC21/slim http://www.loc.gov/standards/marcxml/schema/MARC21slim.xsd"
    xmlns="http://www.loc.gov/MARC21/slim">

  <leader>01097nam a2200241 a 4500</leader>
  <controlfield tag="001"> 80749</controlfield>
  <controlfield tag="003">BD-RjUL</controlfield>
  <controlfield tag="005">20221110124101.0</controlfield>
  <controlfield tag="008">221107s1955    u  ||||| |||| 00| 0 ar  d</controlfield>
  <datafield tag="035" ind1=" " ind2=" ">
    <subfield code="a">(BD-RjUL) 80749</subfield>
  </datafield>
  <datafield tag="040" ind1=" " ind2=" ">
    <subfield code="a">BD-RjUL</subfield>
    <subfield code="b">eng</subfield>
    <subfield code="c">BD-RjUL</subfield>
    <subfield code="d">BD-RjUL</subfield>
  </datafield>
  <datafield tag="041" ind1=" " ind2=" ">
    <subfield code="a">ara</subfield>
  </datafield>
  <datafield tag="082" ind1=" " ind2=" ">
    <subfield code="2">23</subfield>
    <subfield code="a">297.1226</subfield>
    <subfield code="b">TAF 1955</subfield>
  </datafield>
  <datafield tag="100" ind1=" " ind2=" ">
    <subfield code="4">&#x62E;&#x627;&#x632;&#x646; &#x627;&#x644;&#x628;&#x63A;&#x62F;&#x627;&#x62F;&#x64A;&#x60C; &#x639;&#x644;&#x64A; &#x628;&#x646; &#x645;&#x62D;&#x645;&#x62F;. &#x625;&#x639;&#x62F;&#x627;&#x62F; &#x633;&#x646;&#x627;&#x621; &#x645;&#x62D;&#x645;&#x648;&#x62F; &#x639;&#x628;&#x62F; &#x627;&#x644;&#x644;&#x647; &#x639;&#x627;&#x628;&#x62F;.&#x2BB;Al&#x12B; ibn Mu&#x1E25;ammad Kh&#x101;zin al-Baghd&#x101;d&#x12B;; San&#x101;&#x2BC; bint Ma&#x1E25;m&#x16B;d &#x2BB;Abd All&#x101;h &#x2BB;&#x100;bid</subfield>
  </datafield>
  <datafield tag="245" ind1=" " ind2=" ">
    <subfield code="a">&#x62A;&#x641;&#x633;&#x64A;&#x631; &#x627;&#x644;&#x62E;&#x627;&#x632;&#x646; :  &#x627;&#x644;&#x645;&#x633;&#x645;&#x649; &#x644;&#x628;&#x627;&#x628; &#x627;&#x644;&#x62A;&#x623;&#x648;&#x64A;&#x644; &#x641;&#x64A; &#x645;&#x639;&#x627;&#x646;&#x64A; &#x627;&#x644;&#x62A;&#x646;&#x632;&#x64A;&#x644; [tafsir alkhazin almusamaa libab altaawil fi maeani altanzil /</subfield>
    <subfield code="c">&#x639;&#x644;&#x64A; &#x628;&#x646; &#x645;&#x62D;&#x645;&#x62F; &#x62E;&#x627;&#x632;&#x646; &#x627;&#x644;&#x628;&#x63A;&#x62F;&#x627;&#x62F;. Al&#x12B; ibn Mu&#x1E25;ammad Kh&#x101;zin al-Baghd&#x101;d&#x12B;; San&#x101;&#x2BC; bint Ma&#x1E25;m&#x16B;d &#x2BB;Abd All&#x101;h &#x2BB;&#x100;bid</subfield>
  </datafield>
  <datafield tag="250" ind1=" " ind2=" ">
    <subfield code="a">3rd.ed.</subfield>
  </datafield>
  <datafield tag="260" ind1=" " ind2=" ">
    <subfield code="a">Misr :</subfield>
    <subfield code="b">matbaat mestafa albani ,</subfield>
    <subfield code="c">1955</subfield>
  </datafield>
  <datafield tag="300" ind1=" " ind2=" ">
    <subfield code="a"> v. 1-4 ;</subfield>
    <subfield code="c">28 cm</subfield>
  </datafield>
  <datafield tag="500" ind1=" " ind2=" ">
    <subfield code="a">Includes Index</subfield>
  </datafield>
  <datafield tag="505" ind1=" " ind2=" ">
    <subfield code="a">Vol..3 .--</subfield>
  </datafield>
  <datafield tag="650" ind1=" " ind2=" ">
    <subfield code="a">Qur&#x2BC;an </subfield>
    <subfield code="v">Commentaries </subfield>
    <subfield code="9">243643</subfield>
    <subfield code="x">Early works to 1800.</subfield>
  </datafield>
  <datafield tag="942" ind1=" " ind2=" ">
    <subfield code="2">ddc</subfield>
    <subfield code="c">BK</subfield>
  </datafield>
  <datafield tag="999" ind1=" " ind2=" ">
    <subfield code="c">80749</subfield>
    <subfield code="d">80749</subfield>
  </datafield>
  <datafield tag="952" ind1=" " ind2=" ">
    <subfield code="0">0</subfield>
    <subfield code="1">0</subfield>
    <subfield code="2">ddc</subfield>
    <subfield code="4">0</subfield>
    <subfield code="7">1</subfield>
    <subfield code="8">NFIC</subfield>
    <subfield code="a">RUCL</subfield>
    <subfield code="b">RUCL</subfield>
    <subfield code="c">Reading</subfield>
    <subfield code="d">1964-04-30</subfield>
    <subfield code="e">Urdu Library, Rajshahi</subfield>
    <subfield code="l">0</subfield>
    <subfield code="o">A 297.1226 TAFV-3 1955</subfield>
    <subfield code="r">2022-11-10 00:00:00</subfield>
    <subfield code="t">C-1</subfield>
    <subfield code="w">2022-11-10</subfield>
    <subfield code="y">BK</subfield>
  </datafield>
</record>
